| 000 | 00569nam a2200205Ia 4500 | ||
|---|---|---|---|
| 003 | GCL | ||
| 005 | 20240530095950.0 | ||
| 008 | 140319s9999 xx 000 0 eng d | ||
| 040 |
_aGCL / _cGCL |
||
| 082 | 0 | 4 |
_a780.92 _bK U |
| 100 | 1 | _aKNEPLER.GEORG | |
| 245 | 1 | 0 |
_aWOLFGANG AMADE MOZART / _cKNEPLER.GEORG |
| 260 |
_a[S.N] : _bCAMBRIDGE UNIVERSITY PRESS ، _c1991 |
||
| 300 | _a374 | ||
| 650 | 0 | 4 | _aCRITICISM AND INTER PRETATION |
| 650 | 0 | 4 | _aMOZART, WOLFGANG AMADEUS |
| 700 | 1 | _aMOZART,WOLFGANG AMADEUS,1756-1791 | |
| 700 | 1 | _aKNEPLER,GEARG | |
| 942 |
_2ddc _cBK |
||
| 999 |
_c12595 _d12595 |
||